|
|
|
|
| LEADER |
00000nam0a2200000 4500 |
| 001 |
27117 |
| 005 |
20250728172040.0 |
| 010 |
|
|
|a 5872101597
|
| 035 |
|
|
|a (RuTPU)RU\TPU\book\27366
|
| 035 |
|
|
|a BOOK00027441
|
| 090 |
|
|
|a 27117
|
| 100 |
|
|
|a 20011209d1999 m y0rusy50 ca
|
| 101 |
0 |
|
|a rus
|
| 102 |
|
|
|a RU
|
| 105 |
|
|
|a y z 001zy
|
| 200 |
1 |
|
|a Правда русская
|f А. А. Зимин
|
| 210 |
|
|
|a Москва
|c Древлехранилище
|d 1999
|
| 215 |
|
|
|a 424 с.
|
| 320 |
|
|
|a Библиогр.: с. 391-411.
|
| 320 |
|
|
|a Именной указ.
|
| 606 |
|
|
|a "Русская правда"
|9 81663
|
| 610 |
1 |
|
|a история
|
| 610 |
1 |
|
|a Россия
|
| 610 |
1 |
|
|a право
|
| 610 |
1 |
|
|a государство
|
| 610 |
1 |
|
|a Древняя Русь
|
| 610 |
1 |
|
|a правовые традиции
|
| 610 |
1 |
|
|a феодальное право
|
| 686 |
|
|
|a Т3(2)4
|2 rubbk
|
| 686 |
|
|
|a Х2(2)
|2 rubbk
|
| 700 |
|
1 |
|a Зимин
|b А. А.
|g Александр Александрович
|
| 801 |
|
0 |
|a RU
|b 63413507
|c 20011209
|g PSBO
|
| 801 |
|
2 |
|a RU
|b 63413507
|c 20120923
|g PSBO
|
| 850 |
|
|
|a 63413507
|
| 942 |
|
|
|c BK
|